| 000 | 00578nam a2200229Ia 4500 | ||
|---|---|---|---|
| 005 | 20260429112153.0 | ||
| 008 | 260429s9999||||xx |||||||||||||| ||und|| | ||
| 020 | _a9781787151994 | ||
| 041 | _aEnglish | ||
| 082 |
_a347.7 _bKAU |
||
| 100 | _aKauffman, James | ||
| 245 | 0 |
_aBusiness law, Vol. 2 / _cJames Kauffman |
|
| 250 | _a1st ed. | ||
| 260 |
_aUnited Kingdom : _bKruger Brentt Publishers, _c2024. |
||
| 300 | _axii, 396 p.; hb | ||
| 440 | _vVol. 2 | ||
| 650 | _a Business | ||
| 650 | _a Management | ||
| 650 | _aLaw | ||
| 700 | _a Anders, Samuel | ||
| 942 | _cTB | ||
| 999 |
_c52704 _d52704 |
||